| 000 | 00691nam a2200193 a 4500 | ||
|---|---|---|---|
| 001 | 000041942 | ||
| 005 | 20201002035838.0 | ||
| 008 | 131023s1995 sp 000 0 spa d | ||
| 020 | _a8400075277 | ||
| 040 |
_aDO-SdBNP _bspa _cBNPHU |
||
| 082 |
_axxx _bA772v |
||
| 100 | 1 |
_aArquiola, Elvira _967714 |
|
| 245 | 1 | 3 |
_aLa vejez a debate : _banálisis histórico de la situación socio-sanitaria de la vejez en la actualidad / _cElvira Arquiola. |
| 260 |
_aMadrid : _bConsejo Superior de Investigaciones Científicas, _c1995. |
||
| 300 |
_axx, 236 p. ; _c22 cm. |
||
| 490 | 1 |
_aEstudios sobre la ciencia _v22 |
|
| 504 | _aBibliografía: p. 225-236 | ||
| 830 | 0 |
_aEstudios sobre la ciencia _n22 _968856 |
|
| 999 |
_c41431 _d41431 |
||